Sports Quiz

Random Sports or Basketball Quiz

Mr Hogwash's Greatest Ballers to Never Win MVP Quiz Stats

 Plays Quiz not verified by Sporcle

Challenge
Share
Tweet
Embed
Score 0/40 Timer 10:00
0 Plays Today
Team for whom he played the most games Answer % Correct
Utah JazzJohn Stockton
89.5%
Miami HeatDwyane Wade
88.4%
Chicago BullsScottie Pippen
86.3%
Detroit PistonsIsiah Thomas
86.3%
Indiana PacersReggie Miller
83.2%
New Orleans Hornets*Chris Paul
83.2%
Orlando Magic*Dwight Howard
81.1%
Seattle SupersonicsGary Payton
80%
Boston CelticsKevin McHale
78.9%
Atlanta HawksDominique Wilkins
77.9%
Golden State WarriorsRick Barry
77.9%
New York KnicksPatrick Ewing
77.9%
LA LakersJames Worthy
76.8%
LA LakersJerry West
76.8%
Boston CelticsPaul Pierce
75.8%
San Antonio SpursGeorge Gervin
75.8%
Portland Trail BlazersClyde Drexler
75.8%
Miami HeatAlonzo Mourning
74.7%
New York KnicksWalt Frazier
74.7%
New Jersey NetsJason Kidd
74.7%
Team for whom he played the most games Answer % Correct
Golden State WarriorsChris Mullin
73.7%
Sacramento KingsChris Webber
72.6%
LA LakersElgin Baylor
72.6%
New Orleans JazzPete Maravich
69.5%
Denver NuggetsAlex English
69.5%
Boston CelticsRobert Parish
69.5%
Boston CelticsJohn Havlicek
69.5%
Golden State WarriorsTim Hardaway
67.4%
Washington BulletsElvin Hayes
64.2%
Utah JazzAdrian Dantley
60%
Syracuse NationalsDolph Schayes
60%
Sacramento KingsMitch Richmond
57.9%
Detroit PistonsBob Lanier
56.8%
Milwaukee BucksSidney Moncrief
55.8%
Detroit PistonsGrant Hill
55.8%
San Francisco WarriorsNate Thurmond
55.8%
Detroit PistonsDave Bing
53.7%
Philadelphia WarriorsPaul Arizin
53.7%
Cincinnati RoyalsJerry Lucas
51.6%
Washington BulletsBernard King
47.4%

You're not logged in!

Compare scores with friends on all Sporcle quizzes.
Join for Free
OR
Log In

You Might Also Like...

Show Comments

Extras

Top Quizzes Today


Score Distribution

Your Account Isn't Verified!

In order to create a playlist on Sporcle, you need to verify the email address you used during registration. Go to your Sporcle Settings to finish the process.

Report this User

Report this user for behavior that violates our Community Guidelines.

Details: